| 000 | 00830cam a2200217 4500 | ||
|---|---|---|---|
| 001 | WB3634-11 | ||
| 008 | 000000n2000 000 0 eng u | ||
| 035 | _a(Sirsi) u108029 | ||
| 245 | _aBigger than Bluewater | ||
| 260 | _c2000 | ||
| 490 |
_aIndependent on Sunday _v27 August 2000, 12(1) |
||
| 520 | _aA 5.65m sq ft shopping complex, five times larger than Bluewater, is being planned on the Surrey docks penninsula at Canada Water. Residents welcome the move to revitalise the area, but the Canada Water Campaign and conservationists are concerned the plans will destroy the natural landscape. | ||
| 590 | _aWB | ||
| 650 | _aCANADA WATER | ||
| 650 | _aREGENERATION | ||
| 650 | _aLONDON | ||
| 650 | _aDOCKLANDS | ||
| 650 | _aSHOPPING CENTRES | ||
| 690 | _aPROPERTY-COMMERCIAL PROPERTY-RETAIL PROPERTY | ||
| 942 | _n0 | ||
| 999 |
_c64543 _d64543 |
||